Statistics for All Red Sea Cities 100k+

Click here to take the quiz!

General Stats

  • This quiz has been taken 39 times
  • The average score is 5 of 10

Answer Stats

CountryCityPopulation% Correct
Saudi ArabiaJeddah3.9 million
97%
SudanPort Sudan481k
93%
EgyptSuez744k
83%
JordanAqaba148k
62%
EgyptHurghada261k
59%
YemenAl Hudaydah402k
38%
Saudi ArabiaYanbu222k
28%
Saudi ArabiaJizan105k
24%
Saudi ArabiaRabigh104k
21%
Saudi ArabiaAl Qunfudhah300k
14%

Score Distribution

Percentile by Number Answered

Percent of People with Each Score

Your Score History

You have not taken this quiz